Događaji u Srbiji 1975-2025 - Statistics

General Stats
  • This quiz has been taken 43 times
  • The average score is 34 of 51
Answer Stats
Question Answer % Correct
Koji virus je 2020. godine izazvao zdravstvene, ekonomske i političke potrese u Srbiji i na globalnom nivou? Korona virus
88%
Radnja kog filma iz 1982. godine se dešava u međuratnom periodu, u porodici Topalović, koja se bavi pogrebnom opremom i koju sačinjava pet generacija muškaraca? Maratonci trče počasni krug
88%
U kojoj beogradskoj školi se dogodilo višestruko ubistvo 3. maja 2023. godine? OŠ „Vladislav Ribnikar”
85%
Koja čuvena rok grupa je objavila svoj prvi singl "Lutka sa naslovne strane" 1978. godine? Riblja čorba
85%
Koja je bila najpopularnija serija bivše Jugoslavije, čija radnja je pratila uspone i padove porodice Popadić i koja je došla na male ekrane 1987. godine? Bolji život
83%
Za koji klub je igrao Nikola Jokić kada je 2021. godine osvojio prvu od svoje tri nagrade za najboljeg igrača NBA lige? Denver Nagets
83%
Koji film inspirisan istinitim događajem, pričom o sedam srpskih vojnika drinskog korpusa zatočeno devet dana u 97 metara dugom tunelu je premijerno prikazan 1996. godine? Lepa sela lepo gore
83%
Ko je doneo Srbiji pobedu na Eurosongu 2007. godine? Marija Šerifović
83%
Koji film čija radnja prati formiranje reprezentacije Kraljevine Jugoslavije i njihov put na prvo Svetsko prvenstvo 1930. godine, je premijerno prikazan bila 2010. godine? Montevideo, bog te video
83%
Koji grad je nakon poplava 2014. godine bio skoro u potpunosti potopljen, što je zahtevalo masovnu evakuaciju preko 30.000 ljudi? Obrenovac
83%
Koja serija, čija radnja prati svakodnevni život porodice Golubović u teškim ekonomskim uslovima je počela sa prikazivanjem 1993. godine? Srećni ljudi
83%
Koji košarkaš je pobedničkom trojkom doneo Partizanu titulu evrpskog šampiona 1992. godine? Aleksandar Đorđević
80%
Koja rok grupa je 2005. godine održala legendarni koncert na beogradskom hipodromu pred 220.000 ljudi? Bijelo dugme
80%
Koja kultna komedija o beogradskom "mangupskom" mentalitetu i ljubavi prema trkama je premijerno prikazana 1979. godine? Nacionalna klasa
80%
Koji grad koji je 2022. godine bio Evropska prestonica kulture? Novi Sad
80%
Koji poglavar SPC je preminuo 2009. u 95. godini i na čijoj sahrani u Beogradu je prisustvovalo preko 600.000 ljudi, što je bio jedan od najvećih javnih skupova u srpskoj istoriji? Patrijarh Pavle
80%
Koja serija, čija je radnja smeštena između dva svetska rata u Kraljevini Jugoslaviji i prati priču dva inspektora beogradske policije je imala svoju premijeru 2017. godine? Senke nad Balkanom
80%
U kom gradu je 2003. godine izvršen atentat na premijera Srbije Zorana Đinđića? U Beogradu
80%
Kog datuma se 2024. godine obrušila nadstrešnica na železničkoj stanici u Novom Sadu i usmrtila 16 osoba? 1. novembra
78%
Koja srpska teniserka je 2008. godine osvojila Roland Garos? Ana Ivanović
78%
Koji sporazum, koji je označio kraj rata u Bosni i Hrvatskoj, je potpisan 1995. godine? Dejtonski sporazum
78%
Gde je 1989. godine održan govor povodom proslave 600 godina Kosovske bitke pred milion ljudi? Na Gazimestanu
78%
Kog datuma je 1999. godine vojna alijansa NATO započela bombardovanje Srbije? 24. marta
75%
Ko je 2004. godine izabran za predsednika Republike Srbije? Boris Tadić
75%
Ko je 7. oktobra 2000. godine zvanično položio zakletvu kao predsednik Savezne Republike Jugoslavije, dva dana nakon Petooktobarske revolucije? Vojislav Koštunica
75%
Koji studentski pokret protiv režima sa kultnim logom „stisnute pesnice“ je osnovan 1998. godine? Otpor!
73%
Kog datuma je Josip Broz Tito sahranjen u Kući cveća u Beogradu 1980. godine? 8. maja
70%
U kom gradu je 2013. godine potpisan značajan sporazum o normalizaciji odnosa između Beograda i Prištine? U Briselu
70%
U kom gradu su 2002. godine košarkaši Jugoslavije postali prvaci sveta? U Indijanapolisu
70%
U kom mesecu je 2025. godine održan građanski protest u Beogradu, koji se smatra jednim od najvećih u modernoj istoriji Srbije? U martu
70%
Ko je postigao pobedonosni gol iz penala za Crvenu Zvezdu u finalu Kupa evropskih šampiona 1991. godine? Darko Pančev
68%
Koji partiju je Slobodan Milošević osnovao 1990. godine kada je spojio Savez komunista Srbije sa Socijalističkim savezom radnog naroda? SPS
68%
U kom gradu je 2018. godine izvršen atentat na Olivera Ivanovića, lidera Građanske inicijative SDP? U Kosovskoj Mitrovici
68%
Koja država je bila domaćin Svetskog prvenstva 2015. godine kada je mlada fudbalska reprezentacija Srbija postala prvak sveta? Novi Zeland
65%
Gde je Slobodan Milošević sahranjen 18. marta 2006. godine, nakon što je pronađen mrtav u svojoj zatvorskoj ćeliji u Hagu dok mu se sudilo za ratne zločine? U Požarevcu
65%
Koji svetski lider je 2019. posetio Beograd, gde su ga dočekali desetine hiljada ljudi u znak bilateralne solidarnosti? Vladimir Putin
65%
Najveći sportski događaj 1986. godine je bio kontroverzni završetak prvenstva Jugoslavije, poznat kao Šajberovo kolo, kada su poništeni rezultati poslednjeg kola zbog sumnji u masovno nameštanje utakmica. Koji je sport bio u pitanju? Fudbal
63%
Koji roman Milorad Pavića, čija radnja se odvija kroz 3 etape, je objavljen 1984. godine? Hazarski rečnik
55%
Ko je 2012. u Londonu osvojio prvu olimpijsku zlatnu medalju za nezavisnu Srbiju? Milica Mandić
55%
U kom gradu je vaterpolo reprezentacija 2016. godine osvojila prvu od tri uzastopne zlatne olimpijske medalje? U Rio de Žaneiru
55%
Ko je uveo "super dinar" i program stabilizacije nakon što je 1994. godine hiperinflacija dostigla svoj apsolutni vrhunac sa mesečnom stopom od 313 miliona procenata? Dragoslav Avramović
50%
Kako je nazvan događaj iz 1988. godine kada se oko 150.000 demonstranata okupilo u Novom Sadu zahtevajući ostavku pokrajinske vlade Vojvodine? Jogurt revolucija
50%
Novak Đoković je 2011. godine osvojio tri Grend slema. Koji turnir nije osvojio te godine? Roland Garos
45%
Ko je bio pobednik Evropskog prvenstva u fudbalu 1976. godine čije se finale odigralo na stadionu Crvene Zvezde? Čehoslovačka
38%
Ko je u februaru 1997. godine inaugurisan za gradonačelnika Beograda, i postao prvi nekomunista na toj funkciji od Drugog svetskog rata? Zoran Đinđić
38%
Koji planinski region je pogodio jak zemljotres 1983. godine, uzrokujući štetu na lokalnoj infrastrukturi? Kopaonik
30%
Koji film Emira Kusturice iz 1985. godine je nominovan za Oskara za najbolji strani film? Otac na službenom putu
30%
U kom gradu na Kosovu je 1981. godine počeo niz masovnih demonstracija etničkih Albanaca, signalizirajući početak dugoročne krize koja je na kraju dovela do raspada Jugoslavije? U Prištini
30%
Koji hotel je 1977. godine otvoren u Beogradu da bi omogućio smeštaj i boravak svetskih lidera i diplomata? Hotel Interkontinental
28%
Koja manifestacija je prvi put održana u Srbiji 2001. godine? Parada ponosa
25%
Koji predsednik SAD je 1975. godine zvanično posetio Beograd, postavši tek drugi američki predsednik koji je posetio Jugoslaviju? Džerald Ford
13%
No matching quizzes found
Score Distribution
Percent of People with Each Score
Percentile by Number Answered
Your Score History
You have not taken this quiz